| 000 | 00453cam a2200193ua 4500 | ||
|---|---|---|---|
| 001 | 7661 | ||
| 008 | 141220n ii |||gr||||Z||||||ben | ||
| 040 | _cMAIN | ||
| 041 | _aben | ||
| 082 | _a796.33 | ||
| 100 |
_aDutta, A., _eAuthor. |
||
| 245 | 1 |
_aFootball khelaye hole _cBy Amal Dutta |
|
| 250 | _a1st. | ||
| 260 |
_aKolkatta: _bAnanda, _c1971. |
||
| 300 | _a193p. | ||
| 653 | _aAthletic & outdoor sports & games | ||
| 653 | _aFootball | ||
| 942 | _cBK | ||
| 999 |
_c6783 _d6783 |
||